日本の中核市一覧 - Statistics

General Stats
  • This quiz has been taken 344 times
  • The average score is 56 of 62
Answer Stats
ヒント 市名 % Correct
函館市
99%
山形市
99%
北海道地方 旭川市
98%
東北地方 青森市
98%
盛岡市
98%
秋田市
98%
郡山市
98%
福島市
98%
いわき市
97%
宇都宮市
97%
関東地方 水戸市
96%
前橋市
96%
高崎市
96%
八戸市
95%
中部地方 富山市
95%
金沢市
94%
長野市
94%
岐阜市
94%
松山市
94%
高知市
94%
福井市
93%
奈良市
93%
中国地方 鳥取市
93%
下関市
93%
四国地方 高松市
93%
長崎市
93%
大分市
93%
松本市
92%
和歌山市
92%
松江市
92%
宮崎市
92%
鹿児島市
92%
川口市
91%
豊田市
91%
豊橋市
91%
那覇市
91%
船橋市
90%
甲府市
90%
東大阪市
90%
姫路市
90%
倉敷市
90%
川越市
89%
八王子市
89%
近畿地方 大津市
89%
福山市
89%
九州地方 久留米市
89%
岡崎市
87%
尼崎市
87%
吹田市
86%
柏市
85%
西宮市
85%
佐世保市
85%
横須賀市
84%
明石市
84%
一宮市
83%
呉市
83%
高槻市
82%
越谷市
81%
枚方市
78%
豊中市
77%
八尾市
72%
寝屋川市
72%
No matching quizzes found
Score Distribution
Percent of People with Each Score
Percentile by Number Answered
Your Score History
You have not taken this quiz